[Event "Windsor NAYCC U10"]
[Site "Windsor"]
[Date "2016.08.08"]
[Round "3.143"]
[White "Jasniewicz, Karol"]
[Black "Yuan, Edison Yi"]
[Result "0-1"]
[WhiteElo "971"]
[BlackElo "1666"]
[PlyCount "62"]
[EventDate "2016.08.07"]
[EventType "swiss"]
[EventRounds "9"]
[EventCountry "CAN"]
[SourceTitle "EXT 2022"]
[Source "ChessBase"]
[SourceDate "2021.10.06"]
[SourceVersion "1"]
[SourceVersionDate "2021.10.06"]
[SourceQuality "1"]

1. e4 c5 2. Nf3 e6 3. Nc3 Nc6 4. Bc4 d6 5. 0-0 Nf6 6. d3 Be7 7. Be3 0-0 8. Qd2 a6 9. a4 d5 10. exd5 exd5 11. Nxd5 Nxd5 12. Bg5 Bxg5 13. Nxg5 h6 14. Nf3 Be6 15. b3 Nc7 16. Bxe6 Nxe6 17. c3 Qd7 18. b4 cxb4 19. cxb4 Rad8 20. Rfd1 Qd6 21. Qc3 Qxb4 22. Qc2 Ncd4 23. Nxd4 Nxd4 24. Qa2 Qb3 25. Qd2 Qd5 26. Re1 Qg5 27. f4 Nf3+ 28. Kf2 Nxd2 29. fxg5 Nb3 30. Rab1 Nc5 31. Re3 Nxd3+ 0-1

[Event "Windsor NAYCC U10"]
[Site "Windsor"]
[Date "2016.08.07"]
[Round "1.137"]
[White "Gaisinsky, Jacob"]
[Black "Yuan, Edison Yi"]
[Result "1/2-1/2"]
[WhiteElo "1167"]
[BlackElo "1666"]
[PlyCount "54"]
[EventDate "2016.08.07"]
[EventType "swiss"]
[EventRounds "9"]
[EventCountry "CAN"]
[SourceTitle "EXT 2022"]
[Source "ChessBase"]
[SourceDate "2021.10.06"]
[SourceVersion "1"]
[SourceVersionDate "2021.10.06"]
[SourceQuality "1"]

1. e4 e6 2. d4 d5 3. e5 c5 4. c3 Nc6 5. Nf3 Qb6 6. Be2 Nge7 7. Na3 cxd4 8. cxd4 Nf5 9. Nc2 Bb4+ 10. Bd2 Bxd2+ 11. Qxd2 Qxb2 12. 0-0 Qb6 13. Rfd1 0-0 14. Rab1 Qa5 15. Nb4 Nxb4 16. Rxb4 Qc7 17. Rc1 Qe7 18. Rb3 b6 19. Rbc3 Bd7 20. Rc7 a6 21. Rb7 b5 22. Rcc7 Rfd8 23. Qg5 Qxg5 24. Nxg5 h6 25. Nf3 Bc8 26. Rb6 Rd7 27. Rc5 Bb7 1/2-1/2